| 000 | 00321nam a22000977a 4500 | ||
|---|---|---|---|
| 008 | 150330b xxu||||| |||| 00| 0 eng d | ||
| 020 |
_a978-1-60805-671-2 _cAvailable |
||
| 082 |
_a615.107822RAH _b002836 |
||
| 245 |
_aFrontiers in Drug Design and Discovery (Vol-3) _cRahman-Ur-Atta |
||
| 260 |
_aUSA _bBentham Science Publisher _c2014 |
||
| 999 |
_c24767 _d24767 |
||